EPIC: The Musical - Guess the Song with No Hints - Statistics

General Stats
  • This quiz has been taken 983 times
    982 since last reset
  • The average score is 198 of 332
Answer Stats
Answer % Correct
I
95%
a
93%
the
88%
ya,
88%
You
88%
you
88%
you,
88%
me.
78%
my
75%
be
73%
of
72%
so
72%
your
72%
just
71%
(Just
71%
at
70%
At
70%
is.
70%
is
70%
are
69%
not
69%
man)
68%
and
67%
to
67%
when
67%
can
66%
what
66%
I'm
65%
This
65%
this
65%
warrior
65%
for
64%
friend,
64%
friend.
64%
goodbye.
64%
goodbye
64%
where
64%
know
62%
You're
62%
you're
62%
you're...
62%
that
61%
all
60%
all.
60%
but
60%
mine.
60%
as
59%
way,
59%
don't
58%
meant
57%
have
56%
why
56%
best.
55%
hear
55%
like
55%
mind.
55%
now
55%
now.
55%
done.
54%
done,
54%
friends
54%
time.
54%
time
54%
dead
53%
teaching
53%
That's
53%
you'll
53%
reckless,
52%
we're
52%
wrong,
52%
sentimental
51%
won't
51%
attest
50%
Hey...
50%
I'll
50%
rest.
50%
soft-
50%
waste
50%
went
50%
You've
50%
gone.
49%
lead
49%
life.
49%
life
49%
line.
49%
test,
49%
failed
48%
grown
48%
One
48%
Put
48%
alone?
47%
alone!
47%
cross
47%
day,
47%
emotions
47%
keep
47%
out
47%
warned
47%
aside.
46%
Consider
46%
get
46%
if
46%
it
46%
mentor;
46%
place
46%
should
46%
looking
45%
My Goodbye
45%
with
45%
can't
44%
head
44%
head.
44%
every
43%
mistook
43%
yours
43%
close
42%
disappoint
42%
fighting
42%
least
42%
left
42%
Selfish
42%
spent.
42%
spent
42%
vain.
42%
after
41%
known.
41%
prideful
41%
surprised?
41%
today,
41%
deal
40%
dies,
40%
general-
40%
goddess
40%
saw
40%
saying.
40%
someone
40%
understand.
40%
Unlike
40%
while
40%
effort
39%
could
38%
damn
38%
door.
38%
door
38%
much
38%
sight
38%
What's
38%
never
37%
night?
37%
sleep
37%
title
37%
why's
36%
wiser,
36%
might
35%
remind
35%
wanted.
35%
claim
34%
over,
34%
lend
33%
own
33%
strain.
33%
Since
32%
Oh-
31%
sever
31%
save
28%
cut
27%
plague
27%
lost
26%
No matching quizzes found
Score Distribution
Percent of People with Each Score
Percentile by Number Answered
Your Score History
You have not taken this quiz since the last reset